<?xml version="1.0" encoding="UTF-8"?>
<collection xmlns="http://www.loc.gov/MARC21/slim">
 <record>
  <leader>01904nab a2200241 i 4500</leader>
  <controlfield tag="001">acta66321</controlfield>
  <controlfield tag="005">20260219094439.0</controlfield>
  <controlfield tag="008">200423s2019    hu      o     000   eng d</controlfield>
  <datafield tag="022" ind1=" " ind2=" ">
   <subfield code="a">2064-8316</subfield>
  </datafield>
  <datafield tag="024" ind1="7" ind2=" ">
   <subfield code="a">10.14232/actasm-018-538-y</subfield>
   <subfield code="2">doi</subfield>
  </datafield>
  <datafield tag="040" ind1=" " ind2=" ">
   <subfield code="a">SZTE Egyetemi Kiadványok Repozitórium</subfield>
   <subfield code="b">hun</subfield>
  </datafield>
  <datafield tag="041" ind1=" " ind2=" ">
   <subfield code="a">eng</subfield>
  </datafield>
  <datafield tag="100" ind1="1" ind2=" ">
   <subfield code="a">Czédli Gábor</subfield>
  </datafield>
  <datafield tag="245" ind1="1" ind2="3">
   <subfield code="a">On principal congruences and the number of congruences of a lattice with more ideals than filters</subfield>
   <subfield code="h">[elektronikus dokumentum] /</subfield>
   <subfield code="c"> Czédli Gábor</subfield>
  </datafield>
  <datafield tag="260" ind1=" " ind2=" ">
   <subfield code="a">Bolyai Institute, University of Szeged</subfield>
   <subfield code="b">Szeged</subfield>
   <subfield code="c">2019</subfield>
  </datafield>
  <datafield tag="300" ind1=" " ind2=" ">
   <subfield code="a">363-380</subfield>
  </datafield>
  <datafield tag="490" ind1="0" ind2=" ">
   <subfield code="a">Acta scientiarum mathematicarum</subfield>
   <subfield code="v">85 No. 3-4</subfield>
  </datafield>
  <datafield tag="520" ind1="3" ind2=" ">
   <subfield code="a">Let λ and κ be cardinal numbers such  that κ is infinite and either2 ≤ λ ≤ κ, or λ = 2κ. We prove that there exists a lattice L exactly λ many congruences ,2κ many ideals, but only κ many filters. Furthermore, if λ ≤ 2isan integer of the form 2m·3n, then we can choose L to be a modular lattice generating one of the minimal modular nondistributive congruence varieties described by Ralph Freese in 1976, and this L is even relatively complemented for λ= 2. Related to some earlier results of George Grätzer and the first author,we also prove that ifPis a bounded ordered set (in other words, a boundedposet) with at least two elements,G is a group, and κ is an infinite cardinal such that κ≥ |P|and κ≥ |G|, then there exists a lattice L of cardinality κ that (i) the principal congruences of L form an ordered set isomorphic to P, (ii) the automorphism group of L is isomorphic to G, (iii)L has 2κ many ideals, but (iv)L has only κ many filters.</subfield>
  </datafield>
  <datafield tag="650" ind1=" " ind2="4">
   <subfield code="a">Természettudományok</subfield>
  </datafield>
  <datafield tag="650" ind1=" " ind2="4">
   <subfield code="a">Matematika</subfield>
  </datafield>
  <datafield tag="695" ind1=" " ind2=" ">
   <subfield code="a">Rácselmélet - rács szűrő - egyezések, Matematika</subfield>
  </datafield>
  <datafield tag="700" ind1="0" ind2="1">
   <subfield code="a">Mureşan Claudia</subfield>
   <subfield code="e">aut</subfield>
  </datafield>
  <datafield tag="856" ind1="4" ind2="0">
   <subfield code="u">http://acta.bibl.u-szeged.hu/66321/1/math_085_numb_003-004_363-380.pdf</subfield>
   <subfield code="z">Dokumentum-elérés </subfield>
  </datafield>
 </record>
</collection>
